000 00463nam a2200169Ia 4500
003 GCL
008 140319s9999 xx 000 0 eng d
040 _aGCL /
_cGCL
082 0 4 _a660
_bM I
100 1 _aMCKETTA, JOHN J.
245 1 0 _aINORGANIC CHEMICALS HANDBOOK Vol: 1,2 /
_cMCKETTA, JOHN J.
260 _a[S.N] :
_bMARCEL DEKKER, INC ،
_c1993
300 _a1403
650 0 4 _aتقوية الذاكرة
650 0 4 _aINORGANIC CHEMICALS
942 _2ddc
_cBK
999 _c16510
_d16510